Andrómeda/ (Record no. 4135)

MARC details
000 -LEADER
campo de control de longitud fija 01168nam a22003377a 4500
003 - IDENTIFICADOR DE NÚMERO DE CONTROL
campo de control OSt
005 - FECHA Y HORA DE LA ÚLTIMA TRANSACCIÓN
campo de control 20230816141100.0
008 - DATOS DE LONGITUD FIJA--INFORMACIÓN GENERAL
campo de control de longitud fija 221006b |||||||| |||| 00| 0 eng d
040 ## - FUENTE DE CATALOGACIÓN
Centro/agencia transcriptor Biblioteca Lado V
082 ## - NÚMERO DE LA CLASIFICACIÓN DECIMAL DEWEY
Número de clasificación 700
Número de ítem P419a
100 ## - ENTRADA PRINCIPAL--NOMBRE DE PERSONA
9 (RLIN) 270
Nombre de persona Peña, Alfonso
Término indicativo de función/relación editor
245 ## - MENCIÓN DEL TÍTULO
Título Andrómeda/
260 ## - PUBLICACIÓN, DISTRIBUCIÓN, ETC.
Nombre del editor, distribuidor, etc. Media and Editorial Projects Ltd.
Fecha de publicación, distribución, etc. 1990
Lugar de publicación, distribución, etc. Costa Rica
300 ## - DESCRIPCIÓN FÍSICA
Dimensiones 21.5x28cm
Extensión 33p.
490 ## - MENCIÓN DE SERIE
Mención de serie 31
Designación de volumen o secuencia IX
505 ## - NOTA DE CONTENIDO CON FORMATO
Título LA NOVISIMA POESIA CHILENA
505 ## - NOTA DE CONTENIDO CON FORMATO
Título ESAS VIDAS EXTRAÑAS MISERABLES
505 ## - NOTA DE CONTENIDO CON FORMATO
Título POEMA DESCONOCIDO DE JUAN RAMON JIMENEZ A RUBEN DARIO
505 ## - NOTA DE CONTENIDO CON FORMATO
Título CESAR MORO EL ALFABETO ENFURECIDO
505 ## - NOTA DE CONTENIDO CON FORMATO
Título LA PALABRA Y LA PERESTROIKA
505 ## - NOTA DE CONTENIDO CON FORMATO
Título NOTICIAS DEL MUNDO ARTISTICO
505 ## - NOTA DE CONTENIDO CON FORMATO
Título LIBROS
505 ## - NOTA DE CONTENIDO CON FORMATO
Título PUBLICACIONES RECIBIDAS
650 ## - PUNTO DE ACCESO ADICIONAL DE MATERIA--TÉRMINO DE MATERIA
Fuente del encabezamiento o término Tesauro de Arte & Arquitectura
Término de materia o nombre geográfico como elemento de entrada ARTE
9 (RLIN) 703
650 ## - PUNTO DE ACCESO ADICIONAL DE MATERIA--TÉRMINO DE MATERIA
Fuente del encabezamiento o término Tesauro de Arte & Arquitectura
Término de materia o nombre geográfico como elemento de entrada LITERATURA
650 ## - PUNTO DE ACCESO ADICIONAL DE MATERIA--TÉRMINO DE MATERIA
Fuente del encabezamiento o término Tesauro de Arte & Arquitectura
Término de materia o nombre geográfico como elemento de entrada CULTURA
650 ## - PUNTO DE ACCESO ADICIONAL DE MATERIA--TÉRMINO DE MATERIA
Fuente del encabezamiento o término Tesauro de Arte & Arquitectura
Término de materia o nombre geográfico como elemento de entrada COLECCION
651 ## - PUNTO DE ACCESO ADICIONAL DE MATERIA--NOMBRE GEOGRÁFICO
Fuente del encabezamiento o término Tesauro de Arte & Arquitectura
Nombre geográfico COSTA RICA
700 ## - ENTRADA AGREGADA--NOMBRE PERSONAL
Nombre de persona Cerdaño, Rodolfo
Término indicativo de función/relación editor
942 ## - ELEMENTOS DE ENTRADA SECUNDARIOS (KOHA)
Fuente del sistema de clasificación o colocación Clasificación Decimal Dewey
Tipo de ítem Koha Libros
Parte de la signatura que corresponde a la clasificación (Parte de la clasificación) 700
Parte de la signatura que identifica el ejemplar (Parte del ítem) P419a
Suprimir en OPAC No
Holdings
Estatus retirado Estado de pérdida Fuente del sistema de clasificación o colocación Especificación de materiales (volumen encuadernado u otra parte) Estado de daño No para préstamo Colección Biblioteca de origen Biblioteca actual Fecha de adquisición Enumeración/cronología de publicación seriada Número de inventario Total de préstamos Signatura topográfica completa Código de barras Visto por última vez Precio de reemplazo Tipo de ítem Koha
    Clasificación Decimal Dewey IX     Revistas Biblioteca LadoV Biblioteca LadoV 16/08/2023 31 002414   700 P419a 002414 16/08/2023 16/08/2023 Libros